[Event "CZE-chT2A 0910"]
[Site "Czech Republic"]
[Date "2009.11.08"]
[Round "2.7"]
[White "Rujder, Tibor"]
[Black "Kaderavek, Jan"]
[Result "1/2-1/2"]
[WhiteElo "2018"]
[BlackElo "2071"]
[PlyCount "98"]
[EventDate "2009.10.18"]
[EventType "team-tourn"]
[EventRounds "11"]
[EventCountry "CZE"]
[SourceTitle "EXT 2012"]
[Source "ChessBase"]
[SourceDate "2011.11.24"]
[SourceVersion "1"]
[SourceVersionDate "2011.11.24"]
[SourceQuality "1"]
[WhiteTeam "Zebrak"]
[BlackTeam "Plzen Letna"]
[WhiteTeamCountry "CZE"]
[BlackTeamCountry "CZE"]

1. Nf3 d5 2. d4 f5 3. Bf4 Nf6 4. e3 e6 5. Nbd2 Bd6 6. c4 Bxf4 7. exf4 0-0 8. g3 b6 9. Bg2 Bb7 10. 0-0 h6 11. Ne5 Nbd7 12. Rc1 Nxe5 13. dxe5 Ne4 14. cxd5 Nxd2 15. Qxd2 exd5 16. Rfd1 c6 17. b4 b5 18. a4 a6 19. a5 Qe7 20. Rc5 Rac8 21. Qd4 Qe6 22. Rdc1 Qd7 23. R1c3 Kh7 24. h3 Qe6 25. Bf3 Rg8 26. Kh2 g6 27. g4 Qe7 28. Be2 Qe6 29. Rg3 Rcf8 30. Rcc3 Rf7 31. gxf5 gxf5 32. Rxg8 Kxg8 33. Rg3+ Rg7 34. Bd3 Bc8 35. Qb6 Qd7 36. Qd4 Qf7 37. Qc5 Qd7 38. Qd4 Qf7 39. Kg2 Kh8 40. Qc5 Bd7 41. Qd6 Kh7 42. Kf3 d4 43. Rxg7+ Kxg7 44. Qxd4 Be6 45. Qd6 Qh5+ 46. Kg3 Bd5 47. Qe7+ Kg8 48. Qd8+ Kg7 49. Qf6+ Kg8 1/2-1/2

[Event "CZE-chT3A Middle 0506  "]
[Site "Czech Republic"]
[Date "2005.11.27"]
[Round "3.2"]
[White "Rujder, Tibor"]
[Black "Malac, Petr"]
[Result "1/2-1/2"]
[WhiteElo "1997"]
[BlackElo "2129"]
[PlyCount "41"]
[EventDate "2005.10.30"]
[EventType "team-tourn"]
[EventRounds "11"]
[EventCountry "CZE"]
[SourceTitle "EXT 2009"]
[Source "ChessBase"]
[SourceDate "2008.11.26"]
[SourceVersion "1"]
[SourceVersionDate "2008.11.26"]
[SourceQuality "1"]

1. d4 Nf6 2. Nf3 g6 3. g3 Bg7 4. c4 0-0 5. Bg2 d6 6. 0-0 c6 7. Nc3 Nbd7 8. e4 e5 9. dxe5 dxe5 10. Qc2 Qc7 11. a4 Nc5 12. b4 Ne6 13. Rd1 a5 14. b5 Nd7 15. Be3 Ndc5 16. Rac1 Rd8 17. Nd5 cxd5 18. cxd5 Bf8 19. dxe6 Rxd1+ 20. Qxd1 Bxe6 21. Ng5 1/2-1/2

[Event "EU-chT Railways USIC 14th "]
[Site "Balatonboglar"]
[Date "1996.05.25"]
[Round "5.5"]
[White "Rujder, Tibor"]
[Black "Beimfohr, Uwe"]
[Result "1-0"]
[WhiteElo "2093"]
[BlackElo "2145"]
[PlyCount "61"]
[EventDate "1996.05.19"]
[EventType "team-tourn"]
[EventRounds "7"]
[EventCountry "HUN"]
[SourceTitle "EXT 2004"]
[Source "ChessBase"]
[SourceDate "2003.11.25"]
[SourceVersion "1"]
[SourceVersionDate "2003.11.25"]
[SourceQuality "1"]

1. Nf3 Nf6 2. g3 d5 3. Bg2 c6 4. d4 Bf5 5. 0-0 h6 6. c4 e6 7. Nc3 Nbd7 8. cxd5 exd5 9. a3 a5 10. Bf4 Be7 11. Ne5 Nxe5 12. dxe5 Ne4 13. Nxe4 Bxe4 14. Bxe4 dxe4 15. Qc2 g5 16. Bd2 Qd7 17. Bc3 Qf5 18. f3 h5 19. fxe4 Qe6 20. Rf5 g4 21. Raf1 Rh7 22. Bd4 c5 23. Be3 b5 24. Bg5 c4 25. Bxe7 Kxe7 26. Qd2 h4 27. Qg5+ Kf8 28. Rf6 Rg7 29. Qxh4 Qxe5 30. Qh8+ Ke7 31. Rxf7+ 1-0